Вып. 49 : Ниобий и тантал; Требования промышленности к качеству минерального сырья

Detaylı Bibliyografya
Parent link:Требования промышленности к качеству минерального сырья: справочник для геологов/ Всесоюзный научно-исследовательский институт минерального сырья; гл. ред. А. Д. Ершов. Вып. 49 : Ниобий и тантал.— 2-е изд., перераб..— , 1958-1965
Yazar: Зив Е. Ф.
Diğer Yazarlar: Вайсенберг А. И. (редактор), Степанов И. С.
Dil:Rusça
Baskı/Yayın Bilgisi: 1959
Konular:
Materyal Türü: MixedMaterials Kitap
KOHA link:https://koha.lib.tpu.ru/cgi-bin/koha/opac-detail.pl?biblionumber=352615

MARC

LEADER 00000nam2a2200000 4500
001 352615
005 20231102010520.0
035 |a (RuTPU)RU\TPU\retro\9297 
035 |a RU\TPU\retro\9293 
090 |a 352615 
100 |a 20200124d1959 k y0rusy50 ca 
101 0 |a rus 
102 |a RU 
105 |a a g 001zy 
200 0 |a Вып. 49 : Ниобий и тантал  |f Е. Ф. Зив, А. И. Вайсенберг  |g научн. ред. И. С. Степанов 
210 |d 1959 
215 |a 51 с.  |c ил. 
320 |a Библиогр.: с. 48-50. 
461 1 |0 (RuTPU)RU\TPU\book\77886  |t Требования промышленности к качеству минерального сырья  |o справочник для геологов  |f Всесоюзный научно-исследовательский институт минерального сырья; гл. ред. А. Д. Ершов  |v Вып. 49 : Ниобий и тантал  |e 2-е изд., перераб.  |d 1958-1965 
606 1 |a Минеральное сырье  |x Анализ  |2 stltpush  |3 (RuTPU)RU\TPU\subj\44018 
606 1 |a Тантал-ниобиевые месторождения  |2 stltpush  |3 (RuTPU)RU\TPU\subj\74671  |9 86761 
610 1 |a качество 
610 1 |a справочники 
610 1 |a переработка 
610 1 |a геохимия 
610 1 |a минералы 
610 1 |a требования 
610 1 |a испытания 
675 |a 553.08(035)  |v 3 
675 |a 553.493.5(035)  |v 3 
700 1 |a Зив  |b Е. Ф. 
701 1 |a Вайсенберг  |b А. И. 
702 1 |a Степанов  |b И. С.  |4 340 
801 1 |a RU  |b 63413507  |c 20050201  |g PSBO 
801 2 |a RU  |b 63413507  |c 20200130  |g PSBO 
942 |c BK